[Event "IND-ch U17"]
[Site "Bengaluru"]
[Date "2015.10.07"]
[Round "7"]
[White "Shailesh, Dravid"]
[Black "Raghav, Srivathsav V"]
[Result "1/2-1/2"]
[WhiteElo "2238"]
[BlackElo "1974"]
[PlyCount "98"]
[EventDate "2015.10.03"]
[EventType "swiss"]
[EventRounds "11"]
[EventCountry "IND"]
[SourceTitle "CBM 168 Extra"]
[Source "ChessBase"]
[SourceDate "2015.10.29"]
[SourceVersion "1"]
[SourceVersionDate "2015.10.29"]
[SourceQuality "1"]

1. e4 d6 2. d4 Nf6 3. Nc3 e5 4. Nf3 Nbd7 5. Bc4 Be7 6. a4 c6 7. 0-0 0-0 8. h3 b6 9. Re1 a6 10. Ba2 Bb7 11. Qe2 Qc7 12. Bd2 c5 13. dxe5 Nxe5 14. Nxe5 dxe5 15. Qc4 Ne8 16. Qe2 Nf6 17. g4 Rad8 18. Rad1 Rd4 19. f3 h6 20. h4 Nh7 21. Qh2 Qd8 22. Be3 Rxd1 23. Rxd1 Qc7 24. Bd5 Bc8 25. Kf2 Be6 26. g5 h5 27. f4 Bd6 28. f5 Bxd5 29. Nxd5 Qb8 30. Qg3 Qd8 31. g6 fxg6 32. Rg1 Qe8 33. Qxg6 Qxg6 34. Rxg6 Nf6 35. Nxf6+ Rxf6 36. Rxf6 gxf6 37. Ke2 Kf7 38. Kd3 b5 39. axb5 axb5 40. c4 b4 41. Kc2 Ke7 42. Kb3 Kd7 43. Ka4 Kc6 44. Ka5 Be7 45. b3 Bd6 46. Bh6 Bc7+ 47. Ka6 Bd6 48. Ka7 Kc7 49. Be3 Bf8 1/2-1/2